Welcome to the Holygrace Academy Library

Please use search bar below to get started

NEVER WASH YOUR HAIR (Record no. 6217)

MARC details
000 -LEADER
fixed length control field 00610nam a22001457a 4500
020 ## - INTERNATIONAL STANDARD BOOK NUMBER
ISBN 978-0-19-848669-5
082 ## - DEWEY DECIMAL CLASSIFICATION NUMBER
Classification number 823
Item number MCA/N
100 ## - MAIN ENTRY--AUTHOR NAME
Personal name MCALLISTER, MARGARET
245 ## - TITLE STATEMENT
Title NEVER WASH YOUR HAIR
260 ## - PUBLICATION, DISTRIBUTION, ETC. (IMPRINT)
Place of publication UNIVERSITY PRESS
Name of publisher OXFORD PUBLISHER
Year of publication 2005
300 ## - PHYSICAL DESCRIPTION
Number of Pages 63
520 ## - SUMMARY, ETC.
Summary, etc Summary: Tom doesn't have head lice -- he has head monkeys! He and his friend Nick have families of tiny macaques colonizing their heads. Angela is a young scientist who wants to help the boys keep the monkeys safe, but other people are getting greedy and the monkeys are in danger.
650 ## - SUBJECT ADDED ENTRY--TOPICAL TERM
Topical Term SHORT STORY
942 ## - ADDED ENTRY ELEMENTS (KOHA)
Koha item type Books
Holdings
Withdrawn status Lost status Collection code Home library Current library Shelving location Date acquired Source of acquisition Full call number Accession Number Koha item type
    Fiction Main Library Main Library SHELF 15-K-CHILDREN'S STORYBOOKS 29/10/2019 Purchase 823 MCA/N 11830 Books